01753nam a22003377a 4500001000400000003001000004005001700014008004100031020001800072040002500090080003100115090003100146245028100177260003800458300002700496504002500523650002700548650004800575650004300623650002200666650002300688700003200711700004700743700005700790942001200847952013600859952013600995952013601131952013501267999001301402257BR-CuiBMT20231113231415.0230914b2023 mgbaaaa 000 0 por d a9786555185027 aBR-CuiBMTcBR-CuiBMT a342.922:351.712.2.0222007 a342.922:351.712.2.02bC76400aControle externo e as mutações do direito público, licitações e contratos :bestudos de ministros e conselheiros substitutos dos Tribunais de Contas /cLuiz Henrique Lima, Daniela Zago Gonçalves da Cunda, Heloísa Helena Antonacio Monteiro Godinho, coordenadores. aBelo Horizonte :bFórum,c2023. a267 p. :bil. ;c22 cm aInclui bibliografia. aDireito administrativo aLicitaçõesxAdministração pública aContratosxAdministração pública aDireito público aDireito financeiro aLima, Luiz Henrique4coord. aCunda, Daniela Zago Gonçalves da4coord. aGodinho, Heloísa Helena Antonacio Monteiro4coord. 2udccLV 00102udc4070aBIBTCEMTbBIBTCEMTd2023-07-28l0o342.922:351.712.2.02 C764pBIBTCEMT23090039r2023-09-14tEx. 1w2023-09-14yLV 00102udc4070aBIBTCEMTbBIBTCEMTd2023-07-28l0o342.922:351.712.2.02 C764pBIBTCEMT23090074r2023-09-26tEx. 2w2023-09-26yLV 00102udc4070aBIBTCEMTbBIBTCEMTd2023-07-28l0o342.922:351.712.2.02 C764pBIBTCEMT23090075r2023-09-26tEx. 3w2023-09-26yLV 00102udc4070aBIBTCEMTbBIBTCEMTd2023-07-28l0o342.922:351.712.2.02 C764pBIBTCEMT23110331r2023-11-09tEx. 4w2023-11-09yLV c257d257